00736nam a2200217 a 4500001001400000005001700014008004100031020001800072090001400090100002900104245005900133250001200192260003100204300001100235500002000246650002600266650002200292901005600314999001500370952013300385$$a000003075720200120222203.0070828s2007 esp0 gr0 000 d a84-96822-05-4 aANbGARSO0 aGarcía Soubriet, Sonia13aEl jardín ( Al Bustán) /cSonia García Soubriet. a1a. ed. aMadridb451 Editoresc2007 a198 p. aColección BAC14aLITERATURA ESPAÑOLA14aNOVELA ESPAÑOLA aCompra, Distribuidora Colsubsidio, 2007, $68.200.00 c1805d1805 00102ddc40708LAaBPMOSbBPMOSd2020-01-20i99315l0oAN GARSOpMOS017236r2020-01-20tej.1w2020-01-20yBKLITzQuince días